Animal behaviour : (Record no. 152)

MARC details
000 -LEADER
fixed length control field 01063cam a2200301 a 4500
001 - CONTROL NUMBER
control field 3449440
003 - CONTROL NUMBER IDENTIFIER
control field UOEML
005 - DATE AND TIME OF LATEST TRANSACTION
control field 20250401150953.0
007 - PHYSICAL DESCRIPTION FIXED FIELD--GENERAL INFORMATION
fixed length control field 000
008 - FIXED-LENGTH DATA ELEMENTS--GENERAL INFORMATION
fixed length control field 920423s1993 enka b 001 0 eng
010 ## - LIBRARY OF CONGRESS CONTROL NUMBER
LC control number 92016276
020 ## - INTERNATIONAL STANDARD BOOK NUMBER
International Standard Book Number 0582067219
040 ## - CATALOGING SOURCE
Original cataloging agency UOEL
Transcribing agency DLC
Modifying agency DLC
050 00 - LIBRARY OF CONGRESS CALL NUMBER
Classification number QL751
Item number .M39 1993
082 00 - DEWEY DECIMAL CLASSIFICATION NUMBER
Classification number 591.51
Edition number 20
100 1# - MAIN ENTRY--PERSONAL NAME
Personal name McFarland, David.
245 10 - TITLE STATEMENT
Title Animal behaviour :
Remainder of title psychobiology, ethology, and evolution /
Statement of responsibility, etc. David McFarland.
250 ## - EDITION STATEMENT
Edition statement 2nd ed.
260 ## - PUBLICATION, DISTRIBUTION, ETC. (IMPRINT)
Place of publication, distribution, etc. Harlow, Essex, England :
Name of publisher, distributor, etc. Longman Scientific and Technical ;
Place of publication, distribution, etc. New York :
Name of publisher, distributor, etc. Wiley,
Date of publication, distribution, etc. c1993.
300 ## - PHYSICAL DESCRIPTION
Extent xiv, 585 p. :
Other physical details ill. ;
Dimensions 25 cm.
500 ## - GENERAL NOTE
General note includes bibliographical references and index
504 ## - BIBLIOGRAPHY, ETC. NOTE
Bibliography, etc Includes bibliographical references and index.
650 #0 - SUBJECT ADDED ENTRY--TOPICAL TERM
Topical term or geographic name as entry element Animal behavior.
Topical term or geographic name as entry element Animal behavior
General subdivision Evolution.
906 ## - LOCAL DATA ELEMENT F, LDF (RLIN)
a 7
b cbc
c orignew
d 1
e ocip
f 19
g y-gencatlg
942 ## - ADDED ENTRY ELEMENTS (KOHA)
Source of classification or shelving scheme Library of Congress Classification
Koha item type BOOK
Holdings
Withdrawn status Lost status Source of classification or shelving scheme Damaged status Not for loan Home library Current library Shelving location Date acquired Total Checkouts Full call number Barcode Date last seen Copy number Price effective from Koha item type
    Library of Congress Classification     UOE Main Library UOE Main Library Open shelf 05/02/2014   QL751 .M39 1993 10056990 27/04/2026 10056990 05/02/2014 Loan - Normal on open shelf
    Library of Congress Classification     UOE Main Library UOE Main Library Open shelf 06/02/2014   QL751 .M39 1993 10056991 27/04/2026 10056991 06/02/2014 Loan - Normal on open shelf